<?xml version="1.0" encoding="UTF-8"?>
<record
    xmlns:xsi="http://www.w3.org/2001/XMLSchema-instance"
    xsi:schemaLocation="http://www.loc.gov/MARC21/slim http://www.loc.gov/standards/marcxml/schema/MARC21slim.xsd"
    xmlns="http://www.loc.gov/MARC21/slim">

  <leader>01833nam a22002177a 4500</leader>
  <controlfield tag="005">20251206123423.0</controlfield>
  <controlfield tag="008">220905b           ||||| |||| 00| 0 eng d</controlfield>
  <datafield tag="020" ind1=" " ind2=" ">
    <subfield code="a">9789386392404</subfield>
  </datafield>
  <datafield tag="040" ind1=" " ind2=" ">
    <subfield code="c">AL</subfield>
  </datafield>
  <datafield tag="041" ind1=" " ind2=" ">
    <subfield code="a">eng</subfield>
  </datafield>
  <datafield tag="082" ind1=" " ind2=" ">
    <subfield code="2">23</subfield>
    <subfield code="a">820.209</subfield>
    <subfield code="b">RAML</subfield>
  </datafield>
  <datafield tag="100" ind1=" " ind2=" ">
    <subfield code="a">E V Ramakrishnan</subfield>
    <subfield code="9">248151</subfield>
  </datafield>
  <datafield tag="245" ind1=" " ind2=" ">
    <subfield code="a">Locating Indian literature</subfield>
    <subfield code="b">: texts, traditions, translations</subfield>
  </datafield>
  <datafield tag="260" ind1=" " ind2=" ">
    <subfield code="a">Hyderabad</subfield>
    <subfield code="b">Orient Blackswan</subfield>
    <subfield code="c">2017</subfield>
  </datafield>
  <datafield tag="300" ind1=" " ind2=" ">
    <subfield code="a">xii,215p</subfield>
    <subfield code="b">PB</subfield>
    <subfield code="c">23x15cm</subfield>
  </datafield>
  <datafield tag="365" ind1=" " ind2=" ">
    <subfield code="2">English</subfield>
    <subfield code="a">3496</subfield>
    <subfield code="b">620.00</subfield>
    <subfield code="c">&#x20B9;</subfield>
    <subfield code="d">795.00</subfield>
    <subfield code="e">22%</subfield>
    <subfield code="f">09-08-2022</subfield>
  </datafield>
  <datafield tag="520" ind1=" " ind2=" ">
    <subfield code="a">Locating Indian Literature attempts to explore the category of &#x2018;Indian literature&#x2019; in relation to emerging discourses of marginality, region, resistance and the role of translation in the making and unmaking of literary traditions. Interrogating theoretical positions that present Indian literature as an essentialist category, it emphasises the pluralistic and performative elements of Indian literatures. In its first section, E.V. Ramakrishnan articulates the project of &#x2018;provincialising &#x201C;Indian literature&#x201D;&#x2019; and explores the dialogic interfaces between the abstractions of law and the evaluative role of criticism. It also interrogates the claims of history and the reticence of memories, and the dialectics between the dialect and the region. The second section presents readings of Malayalam literary texts that concretise the plurality of literary traditions. The third section argues for a new approach to the study of texts and traditions with translation forming the fulcrum of cultural and political mediations. Interdisciplinary in its approach, the volume will be of relevance to students and scholars in culture studies, social sciences and humanities.</subfield>
  </datafield>
  <datafield tag="650" ind1=" " ind2=" ">
    <subfield code="a">Indian Englsih Criticism</subfield>
    <subfield code="9">56652</subfield>
  </datafield>
  <datafield tag="650" ind1=" " ind2=" ">
    <subfield code="a">Indian English Literature</subfield>
    <subfield code="9">56653</subfield>
  </datafield>
  <datafield tag="942" ind1=" " ind2=" ">
    <subfield code="2">ddc</subfield>
    <subfield code="c">BK</subfield>
  </datafield>
  <datafield tag="999" ind1=" " ind2=" ">
    <subfield code="c">224519</subfield>
    <subfield code="d">224519</subfield>
  </datafield>
  <datafield tag="952" ind1=" " ind2=" ">
    <subfield code="0">0</subfield>
    <subfield code="1">0</subfield>
    <subfield code="2">ddc</subfield>
    <subfield code="4">0</subfield>
    <subfield code="7">0</subfield>
    <subfield code="8">ENG</subfield>
    <subfield code="a">AL</subfield>
    <subfield code="b">AL</subfield>
    <subfield code="d">2022-08-11</subfield>
    <subfield code="e">Biblios Book Point, Surathkal, Mangalore-575014</subfield>
    <subfield code="g">620.00</subfield>
    <subfield code="l">0</subfield>
    <subfield code="o">820.209 RAML</subfield>
    <subfield code="p">075975</subfield>
    <subfield code="r">2022-09-05 00:00:00</subfield>
    <subfield code="v">795.00</subfield>
    <subfield code="w">2022-09-05</subfield>
    <subfield code="y">BK</subfield>
  </datafield>
</record>
